| 000 | 00450nam a2200133Ia 4500 | ||
|---|---|---|---|
| 008 | 160809s9999 xx 000 0 und d | ||
| 100 | _aSharma, Rajesh Kumar. | ||
| 245 | _aWork Place Violence in Nursing | ||
| 245 | _cRajesh Kumar Sharma and Varsha Sharma. | ||
| 260 | _bJournal of Nursing and Care | ||
| 260 | _cApril 2016 | ||
| 650 | _xNURSING | ||
| 856 | _uhttp://www.omicsgroup.org/journals/ArchiveJNC/previousissue-nursing-care-open-access.php | ||
| 999 |
_c300175 _d300175 |
||